00246nam a2200085Ia 4500001000800000005001700008008004100025245007300066260002100139107094020250827002115.0250824s9999 xx 000 0 und d 0aEINSTEIN HAKKINDA BİLMEDİĞİNİZ 101 ŞEYcCYNTHIA PHILLIPS bORENDA YAYINLARI